AH International Schools' Libraries

The troll treasure / (Record no. 49251)

MARC details
000 -LEADER
fixed length control field 00442nam a2200145 4500
020 ## - INTERNATIONAL STANDARD BOOK NUMBER
International Standard Book Number 9780689858345
100 ## - MAIN ENTRY--PERSONAL NAME
Personal name Vornholt, John.
9 (RLIN) 15031
245 ## - TITLE STATEMENT
Title The troll treasure /
Statement of responsibility, etc John Vornholt.
260 ## - PUBLICATION, DISTRIBUTION, ETC. (IMPRINT)
Place of publication, distribution, etc New York:
Name of publisher, distributor, etc Aladdin Paperbacks;
Date of publication, distribution, etc 2003.
300 ## - PHYSICAL DESCRIPTION
Extent 185 p.
Dimensions 20 cm.
490 ## - SERIES STATEMENT
Series statement The Troll King trilogy; Bk.3
650 ## - SUBJECT ADDED ENTRY--TOPICAL TERM
Topical term or geographic name as entry element Trolls and elves. Friendship. Magic.
Form subdivision Fiction.
9 (RLIN) 86514
655 ## - INDEX TERM--GENRE/FORM
Genre/form data or focus term Fantasy.
9 (RLIN) 56253
942 ## - ADDED ENTRY ELEMENTS (KOHA)
Source of classification or shelving scheme
Koha item type J FIC BOOKS
Holdings
Withdrawn status Lost status Source of classification or shelving scheme Damaged status Not for loan Collection code Home library Current library Shelving location Date acquired Full call number Barcode Date last seen Price effective from Koha item type
          SECONDARY Asian Hope Secondary Library Asian Hope Secondary Library Junior Fiction 08/12/2025 J FIC VOR 208726 01/16/2026 08/12/2025 J FIC BOOKS

For any Logos Library related questions please contact Miss Art at swongnarasuk@asianhope.org.

For any Asian Hope Library related questions please contact Miss Raza at graza@asianhope.org.

Powered by Koha